|
|
|
|
| LEADER |
00000cam a2200000 7i4500 |
| 001 |
0000200090 |
| 005 |
20160105.0 |
| 020 |
|
|
|a 9789674490966
|
| 090 |
0 |
0 |
|a JF
|b NUR
|
| 100 |
1 |
|
|a Nur Eradah Ishak
|
| 245 |
0 |
0 |
|a Ini cerita Amani, tau!
|c Nur Eradah Ishak
|
| 260 |
|
|
|a Kuala Lumpur :
|b Ana Muslim Sdn. Bhd. ,
|c 2015
|
| 300 |
|
|
|a 79p. :
|b ill. ;
|c 22cm.
|
| 490 |
0 |
|
|a Siri novel Amani
|
| 650 |
|
0 |
|a Children's stories, Malay
|
| 999 |
|
|
|a 00314753
|b BUKU
|c PINJAMAN
|e PERPUSTAKAAN KOMUNITI PETALING JAYA
|
| 999 |
|
|
|a 00320830
|b BUKU
|c PINJAMAN
|e PERPUSTAKAAN KOMUNITI PETALING JAYA
|
| 999 |
|
|
|a 00320831
|b BUKU
|c PINJAMAN
|e PERPUSTAKAAN KOMUNITI CAW KOTA DAMANSARA
|
| 999 |
|
|
|a 00320832
|b BUKU
|c PINJAMAN
|e PERPUSTAKAAN KOMUNITI CAW TAMAN MEDAN
|
| 999 |
|
|
|a 00381305
|b BUKU
|c PINJAMAN
|e MOBILE LIBRARY PKPJ
|
| 999 |
|
|
|a 00381306
|b BUKU
|c PINJAMAN
|e MOBILE LIBRARY PKPJ
|
| 999 |
|
|
|a 00403811
|b BUKU
|c PINJAMAN
|e PERPUSTAKAAN KOMUNITI PETALING JAYA
|